LEADER 01580nam a2200325 a 4500 001 000000132454 003 CaOOAMICUS 005 20130130104952.0 008 130129s2006 it ao u001 u ita r 020 $a978-88-7402-236-6 040 $aPUL$bita 082 04$a267 100 1 $aRuffino, Italo.$0(OLS)http://pul/name/36040 245 10$aStoria ospedaliera Antoniana :$bstudi e ricerche sugli antichi ospedali di Sant'Antonio abate /$cItalo Ruffino ; presentazione del Cardinale Francesco Marchisano. 260 $aCantalupa (To) :$bEffatą,$c©2006. 300 $a459 p. :$bill., fotogr., piante ;$c 24 cm. 490 1 $aStudia taurinensia ;$v21 504 $aBibliografia p. 307-416. 610 24$aCanonici Regolari di Sant'Agostino di Sant'Antonio di Vienne (Francia).$0(OLS)http://pul/subject/39305 650 4$aOspedali$zItalia$xStoria$ySec. XI-$0(OLS)http://pul/subject/39306 700 1 $aMarchisano, Francesco,$ccard.,$d1929-$0(OLS)http://pul/name/21122 830 0$aStudia taurinensia ;$v21.$0(OLS)http://pul/title/45722 850 $aPUL 852 $aPUL$W1$xDP2 Religione 3$y114$m267 RUFIT 1$j152423$qDDC 21$B151772$CPULBib$Z2$F151772 $H105711 $82 941 1 $a9 996 $6020$a978-88-7402-236-6$9(OLS)http://pul/number/151621 996 $6082$a267$9(OLS)http://pul/classification/2180 996 $6245$aStoria ospedaliera Antoniana :$bstudi e ricerche sugli antichi ospedali di Sant'Antonio abate$9(OLS)http://pul/title/167343 996 $6260$aCantalupa (To) :$bEffatą$9(OLS)http://pul/publisher/68547 LEADER 01309cam a2200313 a 4500 001 000000168838 003 CaOOAMICUS 005 20180725091030.0 008 180718s2018 it 0000u ita r 020 $a978-88-7524-369-2* 032 $aLibriCat 040 $aPUL$bita 082 04$a346.45 100 1 $aVasselli, Laura.$0(OLS)http://pul/name/108831 245 10$aAccordi di famiglia :$bmatrimonio, unione civile, convivenza /$cLaura Vassalli. 260 $aTorino :$bG. Giappichelli,$c©2018. 300 $aXII, 364 p. ; $c22 cm. 500 $aIn cop.: La mia libreria. 504 $aContiene riferimenti bibliografici. 650 4$aUnioni civili$zItalia.$0(OLS)http://pul/subject/43613 650 4$aDiritto di famiglia$zItalia.$0(OLS)http://pul/subject/38585 850 $aPUL 852 $aPUL$W1$xSL Diritto e Scienze Sociali 3$y79$m346. 45 VASLA 1$j192243$qDDC 21$B196781$CPULBib$Z2$F196781 $H131200 $81 941 1 $a9 996 $6020$a978-88-7524-369-2*$9(OLS)http://pul/number/164573 996 $6082$a346.45$9(OLS)http://pul/classification/372 996 $6245$aAccordi di famiglia :$bmatrimonio, unione civile, convivenza$9(OLS)http://pul/title/209367 996 $6260$aTorino :$bG. Giappichelli$9(OLS)http://pul/publisher/49130